[Event "Rubinstein Memorial 33rd"]
[Site "Polanica Zdroj"]
[Date "1996.??.??"]
[Round "1"]
[White "Oll, Lembit"]
[Black "Rogers, Ian"]
[Result "1-0"]
[WhiteElo "2620"]
[BlackElo "2575"]
[Annotator "Tsesarsky"]
[PlyCount "65"]
[EventDate "1996.08.15"]
[EventType "tourn"]
[EventRounds "11"]
[EventCountry "POL"]
[EventCategory "15"]
[Source "ChessBase"]
[SourceDate "1996.12.01"]
[WhiteTeamCountry "EST"]
[BlackTeamCountry "RUS"]

1. d4 Nf6 2. Nf3 g6 3. c4 Bg7 4. Nc3 d5 5. Qb3 dxc4 6. Qxc4 O-O 7. e4 a6 8. Qb3
c5 9. dxc5 Nc6 $5 (9... Qa5 10. Qb6 Qxb6 11. cxb6 Nbd7 12. Be2 (12. e5 Ng4 13.
e6 Nxb6 14. exf7+ Rxf7 15. h3 (15. Be2 Bd7 16. h3 Ne5 17. Nxe5 Bxe5 18. Bf3 Rc8
19. O-O Bc6 20. Bg4 Bd7 21. Bxd7 Nxd7 22. Bh6 Nb6 23. Rac1 Bxc3 24. bxc3 e5 $10
{1/2-1/2 Soffer,R-Smejkal,J/Berlin op (01) ;TD 88\08 1988 (30)}) 15... Nf6 16.
Ng5 Rf8 17. Be3 Nfd5 18. Nxd5 Nxd5 19. Bc4 e6 20. O-O-O Nxe3 21. fxe3 Bh6 22.
Nxe6 Bxe6 23. Bxe6+ Kh8 24. Kb1 Bxe3 25. Bd5 {
1/2-1/2 Piket,J-Gulko,B/Amsterdam OHRA-B ;CBM 09 1988}) (12. h3 Nxb6 13. Be3
Nbd7 14. a4 b6 15. Nd2 (15. e5 Ne8 16. Nd5 Bb7 17. Nxe7+ Kh8 18. Be2 Nxe5 19.
O-O Nxf3+ 20. Bxf3 Bxf3 21. gxf3 Nd6 22. Bxb6 Nc4 23. a5 Rae8 24. Nd5 Re2 25.
Ra4 Nxb6 26. axb6 Rxb2 27. Rxa6 Bd4 28. Ra4 Bxb6 {
1/2-1/2 Barbero,G-Stohl,I/AUT-chT 9394 (09) ;TD 94\03 1994 (32)}) 15... Bb7 16.
f3 Nh5 17. Bc4 b5 18. Bd5 Bxd5 19. Nxd5 e6 20. Nc3 Ne5 21. O-O Nd3 22. axb5
Nxb2 23. Ne2 axb5 24. Rxa8 Rxa8 25. Rb1 Nc4 26. Nxc4 bxc4 27. Kf2 Nf6 $17 {
1/2-1/2 Bareev,E-Smejkal,J/Trnava ;CBM 12 1989 (41)}) 12... Nxb6 13. Be3 Nbd7
14. h3 b5 15. e5 Ne8 16. Bg5 f6 17. exf6 Nexf6 18. O-O {
1/2-1/2 Timoshchenko,G-Yermolinsky,A/URS-FL Sverdlovsk ;TD 87\01 1987}) 10. Be2
Nd7 (10... Qc7 11. O-O Be6 12. Qa3 Rfd8 13. Bg5 Ng4 14. h3 Nge5 15. Nxe5 Nxe5
16. Rfd1 Nc4 17. Bxc4 Bxc4 18. Qb4 Be6 19. Be3 Be5 20. Nd5 Bxd5 21. exd5 $16 {
1-0 Merkel-Johne/Alpenpokal/SW,8,24 1989 (28)}) 11. Qa3 $1 $14 (11. Be3 Qa5 $44
) 11... Nd4 (11... Qa5 12. Qxa5 Nxa5 13. Be3 $14 (13. Na4 $5 $14)) 12. Nxd4
Bxd4 13. Bh6 Re8 14. Rd1 $5 (14. O-O-O Bxf2 (14... Bxc5 15. Rxd7 Bxa3 16. Rxd8
Bxb2+ 17. Kxb2 Rxd8 18. Nd5 f6 19. Nxe7+ Kf7 20. Nd5 $16) (14... Nxc5 15. Rxd4
$1 (15. Bb5 axb5 16. Qxa8 e5 17. f3 (17. Nxb5 Qh4 18. Be3 Qxe4 19. Nxd4 exd4
20. Rxd4 Nd3+ 21. Kd2 Qxg2 $44) 17... Qh4 18. Bd2 b4 19. g3 Qd8 20. Nd5 Nd3+
21. Kb1 Nxb2 22. Rc1 $14) 15... Qxd4 16. Be3 Nd3+ 17. Kd2 Qb4 18. Bxd3 $16) (
14... e5 15. Be3 Bxe3+ 16. fxe3 Qg5 17. Nb5 axb5 18. Qxa8 Qxe3+ 19. Rd2 Nxc5
20. Qa3 Qxa3 21. bxa3 Nxe4 22. Bxb5 $16) 15. Rhf1 Bxc5 (15... Bh4 16. e5 e6 17.
Ne4 Qe7 (17... f5 18. exf6) 18. Qc3 $36) 16. Rxd7 Bxa3 (16... Bxd7 17. Qxc5 Rc8
18. Qe5 f6 19. Qd5+ Kh8 20. Qf7 Rg8 21. Bc4 Bb5 22. Rd1 Qc7 (22... Bxc4 23.
Bg7+ Rxg7 24. Rxd8+ $18) 23. Be6 Qxh2 24. Bh3 $32) 17. Rxd8 Bxb2+ 18. Kxb2 Rxd8
19. Nd5 Be6 20. Nxe7+ Kh8 21. Bg4 Bc4 (21... Bxg4 22. Rxf7 $18) 22. Be2 Be6 23.
Nd5 Bxd5 24. exd5 $16) 14... e5 15. O-O Nxc5 (15... g5 $6 16. h4 gxh4 17. b4
Qf6 18. Be3 $16) 16. Be3 Ne6 17. Bc4 (17. Bb5 $5 Rf8 18. Bc4 (18. Nd5 $5))
17... Bd7 (17... Qh4 18. Bxe6 Bxe6 19. Bxd4 exd4 20. Rxd4 Rad8 21. Rfd1 Rxd4
22. Rxd4 $16) (17... Rb8 18. Ne2 Qh4 19. Bxd4 Nxd4 20. Nxd4 exd4 21. Qd6 $16)
18. Bxd4 Nxd4 19. f4 $16 Bb5 (19... Be6 20. Bxe6 Rxe6 21. fxe5 Qg5 22. Qb4 $18)
20. Bxb5 axb5 21. Qb4 Qa5 $6 (21... Rc8 $5 22. fxe5 Rc4 23. Qd6 b4 24. Nd5 $16)
22. Qxa5 Rxa5 23. fxe5 Rd8 24. a3 Kf8 25. Rf6 $18 b4 (25... Ne2+ 26. Kf2 Rxd1
27. Nxd1 Nd4 28. Rb6 Nc6 29. e6 $18) 26. Nd5 bxa3 27. bxa3 Ne6 28. Rdf1 Ng5 29.
e6 (29. h4 $2 Nxe4 30. Rxf7+ Kg8) 29... Kg7 30. e7 Re8 31. h4 Nxe4 (31... Ne6
32. Rxf7+ Kg8 33. R7f6 Ra6 34. Rb1 $18) 32. Rxf7+ Kh6 33. Nc7 1-0

[Event "Rubinstein Memorial 33rd"]
[Site "Polanica Zdroj"]
[Date "1996.??.??"]
[Round "2"]
[White "Krasenkow, Michal"]
[Black "Oll, Lembit"]
[Result "1-0"]
[WhiteElo "2605"]
[BlackElo "2620"]
[Annotator "Tyomkin,D"]
[PlyCount "49"]
[EventDate "1996.08.15"]
[EventType "tourn"]
[EventRounds "11"]
[EventCountry "POL"]
[EventCategory "15"]
[Source "ChessBase"]
[SourceDate "1996.12.01"]
[WhiteTeamCountry "EST"]
[BlackTeamCountry "RUS"]

1. d4 {Lutz} d5 2. c4 c6 3. Nc3 Nf6 4. e3 e6 5. Nf3 Nbd7 6. Bd3 dxc4 7. Bxc4 b5
8. Bd3 Bb7 9. O-O a6 10. e4 c5 11. d5 c4 12. dxe6 fxe6 13. Bc2 Qc7 14. Nd4 {
Lutz: Eine der derzeit kritischen Varianten des Reynolds-Systems.} Nc5 15. Be3
e5 $6 (15... Nfxe4 {Ftacnik} 16. Nxe4 Nxe4 17. Nxe6 $16) (15... O-O-O $6 {
Survey CBM 55}) 16. Nf5 Rd8 $146 (16... Ncxe4 {Survey CBM 55}) 17. Qf3 (17. Qe2
Nd3 (17... b4 18. Qxc4 $1) (17... Ncxe4 18. Nxe4 Nxe4 19. Bxe4 (19. Bf4 Rd3)
19... Bxe4 20. Bb6 $36 Bd3 21. Qh5+ g6 22. Bxc7 gxh5 23. Bxd8 Kxd8 (23... Bxf1
$2 24. Bf6) 24. Rfd1 Kc7 25. Ne3 $14) 18. b3 $5 (18. Rad1 Nxe4 (18... Nxb2 19.
Rxd8+ Qxd8 20. f4) 19. Bxd3 Nxc3 20. bxc3 cxd3 21. Rxd3 Rxd3 22. Qxd3 g6 23.
Ng3 Bg7 $15) 18... cxb3 (18... Bb4 19. Nd5) (18... Nxe4 19. Nxe4 Bxe4 20. Bb6)
19. Bxd3 Qxc3 20. Rad1 $13) 17... Bd6 $6 (17... b4 $5 18. Nd5 Nxd5 19. exd5
Bxd5 20. Qg3 g6 21. Rfe1 $1 (21. Bxc5 Bxc5 22. Rae1 O-O 23. Rxe5 Bb7 24. Qg5
Kh8 25. Ne7 Bd6 $13) 21... Ne6 22. Nd4 (22. Ba4+ $5 Kf7 23. Nh6+ $13) (22. Nh4
$5) 22... Bg7 $13) (17... Nd3 $5 18. a4 (18. Bg5 $142 $1) 18... b4 19. Nd5 Nxd5
20. exd5 Bxd5 21. Qg3 Be4 $15) 18. Rad1 Bc8 $4 {
Verliert zwangsläufig. Nach 18... 0-0!? ist mir die Stellung nicht klar.} (
18... O-O $1 19. Qg3 (19. Nd5 Nxd5 20. exd5 e4) 19... Nfxe4 (19... Ne6 20. Nxd6
Rxd6 21. Qxe5) (19... Nd3 20. Bb6) 20. Nxe4 (20. Bxe4 {Lutz} Nxe4 21. Nxe4 Rxf5
) 20... Bxe4 (20... Nxe4 21. Bxe4 Bxe4 22. Bb6 (22. Nxd6 {Lutz} Rxd6 23. Qxe5
Bd3 24. Bc5 Rc6 25. Qxc7 Rxc7 26. Bxf8 Bxf1 27. Rd8 $18)) 21. Rxd6 $1 (21. Bxc5
Bxf5 22. Bxd6 Rxd6 23. Qxe5 Rd7) 21... Rxf5 (21... Rxd6 22. Nxd6 (22. Bxc5 Bxf5
23. Qxe5 Rc6 24. Qxc7 Rxc7 25. Bxf8 Bxc2 $10) 22... Bxc2 23. Qxe5 Nd3 24. Qe6+
Kh8 25. g3 $1 $16 (25. Rc1 $2 Nxc1 26. Bb6 Ne2+) (25. Bb6 Nf4)) 22. Bxe4 Nxe4
23. Rxd8+ Qxd8 24. Qg4 Nd6 25. Rd1 (25. Bc5 Rf6 26. Rd1 $13) 25... Qf6 26. Bc5
$36) (18... Ne6 $6 19. Nxd6+ Rxd6 20. Nd5 $16) (18... b4 19. Qg3 $1) 19. Nd5
$18 (19. Nxd6+ Rxd6 20. Nd5 Qc6 (20... Nxd5 {-like in the game}) 21. Qg3 $18) (
19. Bxc5 Bxc5 20. Rxd8+ Kxd8 21. Rd1+ $16) 19... Nxd5 20. Nxd6+ Rxd6 21. Qh5+
Rg6 $2 {Now white wins immidiatly} (21... Kf8 $142 {was a last chance.} 22.
exd5 Nd7 23. f4 e4 24. Bd4 $1 (24. Bxe4 Nf6 25. Qe5 Kf7 26. Bf3 Re8 27. Qd4 Bg4
$1 $16) 24... Nf6 25. Bxf6 Rxf6 26. Bxe4 $18) (21... Kd7 22. exd5 g6 23. Qxe5
Re8 24. Qd4 $18) 22. exd5 Nd3 23. Bxd3 cxd3 24. Rc1 Qb8 25. Ba7 {Tyomkin,D} (
25. Ba7 Qb7 26. Qxe5+ Kd8 27. Be3 h6 28. Bd2 b4 29. Bxb4) 1-0

[Event "Rubinstein Memorial 33rd"]
[Site "Polanica Zdroj"]
[Date "1996.??.??"]
[Round "3"]
[White "Oll, Lembit"]
[Black "Huebner, Robert"]
[Result "1/2-1/2"]
[WhiteElo "2620"]
[BlackElo "2595"]
[PlyCount "67"]
[EventDate "1996.08.15"]
[EventType "tourn"]
[EventRounds "11"]
[EventCountry "POL"]
[EventCategory "15"]
[Source "ChessBase"]
[SourceDate "1996.12.01"]
[WhiteTeamCountry "EST"]
[BlackTeamCountry "RUS"]

1. d4 d5 2. Nf3 e6 3. g3 Nf6 4. Bg2 b5 5. O-O Bb7 6. Bg5 Nbd7 7. Nbd2 Be7 8. c3
c5 9. a4 a6 10. axb5 axb5 11. Rxa8 Qxa8 12. dxc5 Nxc5 13. Nd4 Qa6 14. Qa1 h6
15. Qxa6 Bxa6 16. Bf4 g5 17. Be5 Ncd7 18. Ra1 Nxe5 19. Rxa6 O-O 20. b4 Rb8 21.
f4 gxf4 22. gxf4 Ng6 23. f5 Nf4 24. e3 Nxg2 25. Kxg2 Ng4 26. fxe6 Bg5 27. Kf3
Nxh2+ 28. Kg3 Bxe3 29. N4b3 fxe6 30. Kxh2 Rc8 31. Nb1 Kf7 32. Kg2 d4 33. Kf3
Rc4 34. Nxd4 1/2-1/2

[Event "Rubinstein Memorial 33rd"]
[Site "Polanica Zdroj"]
[Date "1996.??.??"]
[Round "4"]
[White "Beliavsky, Alexander"]
[Black "Oll, Lembit"]
[Result "1/2-1/2"]
[WhiteElo "2620"]
[BlackElo "2620"]
[Annotator "Beliavsky"]
[PlyCount "56"]
[EventDate "1996.08.15"]
[EventType "tourn"]
[EventRounds "11"]
[EventCountry "POL"]
[EventCategory "15"]
[Source "ChessBase"]
[SourceDate "1996.12.01"]
[WhiteTeamCountry "EST"]
[BlackTeamCountry "RUS"]

1. d4 d5 2. c4 c6 3. Nf3 Nf6 4. Nc3 e6 5. Bg5 Nbd7 6. e3 Qa5 7. cxd5 Nxd5 8.
Qd2 Bb4 9. Rc1 O-O 10. Bd3 (10. e4 $5 Nxc3 11. bxc3 Ba3 12. Rb1 e5 13. Bd3 Re8
14. O-O $14) 10... h6 $1 11. Bh4 e5 12. a3 $5 (12. O-O Re8 $1 13. Qc2 exd4 14.
Nxd5 Qxd5 15. exd4 Nb6 $10) 12... Bxc3 13. bxc3 Re8 (13... Qxa3 $2 14. Nxe5
Nxe5 15. dxe5 Re8 16. O-O $1 Rxe5 17. e4 $146) 14. c4 Qxd2+ 15. Nxd2 Ne7 $1 (
15... Nc7 $2 16. O-O exd4 17. exd4 Ne6 18. Rfe1 $1 $18) 16. O-O exd4 17. exd4
Nf8 18. Rfe1 (18. Ne4 $2 Nf5) 18... Bf5 $1 (18... Ne6 19. Bxe7 Rxe7 20. d5 Rd7
21. Bf5 cxd5 22. Rxe6 $1 fxe6 23. Bxe6+ $16) 19. Bf1 (19. Rxe7 Bxd3 20. Rxb7
Ne6 $1 $146) 19... Neg6 20. Bg3 Rxe1 21. Rxe1 Rd8 22. Nb3 b6 (22... Ne6 23. Na5
Rd7 24. d5 $10) 23. d5 cxd5 24. Nd4 Be6 (24... Be4 25. f3) (24... Bc8 25. Nc6
Rd7 26. cxd5 $14) 25. Nc6 Rd7 26. Nb8 Rd8 (26... Rb7 27. cxd5 Bxd5 28. Bd6 b5
29. Rb1 a6 30. Nxa6 Rb6 31. Bxf8 $10) 27. Nc6 Rd7 28. Nb8 Rd8 1/2-1/2

[Event "Rubinstein Memorial 33rd"]
[Site "Polanica Zdroj"]
[Date "1996.??.??"]
[Round "5"]
[White "Oll, Lembit"]
[Black "Movsesian, Sergei"]
[Result "1/2-1/2"]
[WhiteElo "2620"]
[BlackElo "2635"]
[PlyCount "85"]
[EventDate "1996.08.15"]
[EventType "tourn"]
[EventRounds "11"]
[EventCountry "POL"]
[EventCategory "15"]
[Source "ChessBase"]
[SourceDate "1996.12.01"]
[WhiteTeamCountry "EST"]
[BlackTeamCountry "RUS"]

1. e4 c5 2. Nf3 e6 3. d4 cxd4 4. Nxd4 a6 5. Nc3 Qc7 6. Be2 b5 7. O-O Bb7 8. Re1
Nc6 9. Bf1 b4 10. Nd5 Qd8 11. Bf4 Rc8 12. Nxc6 Rxc6 13. Qd2 Nf6 14. Rad1 Bc5
15. Nxb4 Rc8 16. Bg5 a5 17. Bxf6 gxf6 18. Nd3 Be7 19. Nf4 Rc5 20. c3 Qc7 21. g3
h5 22. h4 Rg8 23. Bg2 a4 24. Nd3 Rc4 25. Nf4 Rc5 26. Re3 Re5 27. Nd3 Ra5 28.
Qe2 Bf8 29. Qc2 Bh6 30. Ree1 Rg4 31. b4 axb3 32. axb3 f5 33. b4 Rb5 34. exf5
Bxg2 35. Kxg2 Rxf5 36. Nc5 Qc6+ 37. Kg1 Rf3 38. Rd3 Bf8 39. Rxf3 Qxf3 40. Ne4
Be7 41. Re3 Qf4 42. Qd3 f5 43. Nc5 1/2-1/2

[Event "Rubinstein Memorial 33rd"]
[Site "Polanica Zdroj"]
[Date "1996.??.??"]
[Round "7"]
[White "Oll, Lembit"]
[Black "Gulko, Boris"]
[Result "1/2-1/2"]
[WhiteElo "2620"]
[BlackElo "2615"]
[PlyCount "80"]
[EventDate "1996.08.15"]
[EventType "tourn"]
[EventRounds "11"]
[EventCountry "POL"]
[EventCategory "15"]
[Source "ChessBase"]
[SourceDate "1996.12.01"]
[WhiteTeamCountry "EST"]
[BlackTeamCountry "RUS"]

1. d4 Nf6 2. c4 e6 3. Nf3 b6 4. g3 Ba6 5. b3 Bb4+ 6. Bd2 Be7 7. Bg2 c6 8. Bc3
d5 9. Ne5 Ne4 10. O-O Nxc3 11. Nxc3 O-O 12. Qd2 Bb7 13. e4 dxc4 14. Nxc4 b5 15.
Ne3 Nd7 16. Rfd1 Qb6 17. Kh1 Rfd8 18. f4 Nf8 19. Ne2 a5 20. Rac1 Rac8 21. Rc2
g6 22. Qc1 c5 23. d5 exd5 24. Nxd5 Bxd5 25. exd5 Nd7 26. Nd4 Bf8 27. Nc6 Re8
28. f5 Ne5 29. fxg6 hxg6 30. Rf1 Nxc6 31. dxc6 Rxc6 32. Rcf2 f5 33. g4 Rf6 34.
Bd5+ Kg7 35. gxf5 Re5 36. fxg6 Rxf2 37. Rxf2 Rxd5 38. Rf7+ Kxg6 39. Rxf8 Qc6
40. Rg8+ Kf7 1/2-1/2

[Event "Rubinstein Memorial 33rd"]
[Site "Polanica Zdroj"]
[Date "1996.??.??"]
[Round "8"]
[White "Oll, Lembit"]
[Black "Rublevsky, Sergei"]
[Result "1-0"]
[WhiteElo "2620"]
[BlackElo "2645"]
[Annotator "Petursson"]
[PlyCount "69"]
[EventDate "1996.08.15"]
[EventType "tourn"]
[EventRounds "11"]
[EventCountry "POL"]
[EventCategory "15"]
[Source "ChessBase"]
[SourceDate "1996.12.01"]
[WhiteTeamCountry "EST"]
[BlackTeamCountry "RUS"]

1. e4 c5 2. Nf3 e6 3. d4 cxd4 4. Nxd4 a6 5. Nc3 Qc7 6. Be2 Nf6 7. O-O d6 8. f4
Be7 9. a4 O-O 10. Kh1 b6 11. Bf3 Bb7 12. e5 dxe5 13. fxe5 Nfd7 14. Bxb7 Qxb7
15. Bf4 Bc5 16. Nf3 Nc6 17. Ne4 Be7 18. Qe2 Nc5 19. Nd6 Bxd6 20. exd6 Rad8 21.
Bg3 Rfe8 22. c3 f5 23. Nd2 b5 24. axb5 Qxb5 25. Qc4 Ne4 26. Rxa6 Nxg3+ 27. hxg3
Qxb2 {Here White surprisingly  wins by force by exchanging everything off to
reach a won pawn ending!} 28. d7 $3 $18 Rxd7 (28... Rf8 29. Qxe6+ Kh8 30. Nc4
$18) 29. Rxc6 Qxd2 30. Rxe6 Rxe6 31. Qxe6+ Rf7 32. Rxf5 Qd7 33. Qxf7+ Qxf7 34.
Rxf7 Kxf7 35. Kg1 1-0

[Event "Rubinstein Memorial 33rd"]
[Site "Polanica Zdroj"]
[Date "1996.??.??"]
[Round "9"]
[White "Hracek, Zbynek"]
[Black "Oll, Lembit"]
[Result "1-0"]
[WhiteElo "2625"]
[BlackElo "2620"]
[Annotator "Boensch,U"]
[PlyCount "41"]
[EventDate "1996.08.15"]
[EventType "tourn"]
[EventRounds "11"]
[EventCountry "POL"]
[EventCategory "15"]
[Source "ChessBase"]
[SourceDate "1996.12.01"]
[WhiteTeamCountry "EST"]
[BlackTeamCountry "RUS"]

1. e4 {Petursson} c5 2. Nf3 d6 3. d4 Nf6 4. Nc3 cxd4 5. Nxd4 a6 6. Be3 e6 7. g4
e5 (7... h6 8. f4 Nc6 9. Be2 e5 10. Nf5 g6 11. Ng3 exf4 12. Bxf4 Be6 13. Rf1
Rc8 14. h3 Qb6 $132 {
1-0 Topalov,V-Kasparov,G/Moscow olm (BUL-RUS1) ;CBM 45 1994 (29)}) 8. Nf5 g6 9.
g5 (9. Bg2 $5 gxf5 (9... d5 $5 10. Bg5 gxf5 11. Nxd5 Be7 12. Bxf6 Bxf6 13. exf5
h5 14. h3 Bd7 15. Qe2 hxg4 16. hxg4 Rxh1+ 17. Bxh1 Bc6 $13 {
Tolnai,T-Gavrikov,V Berlin 1989 1/2 19}) 10. exf5 h6 11. Qe2 Nc6 12. O-O-O Rg8
13. h3 Qa5 14. f4 Bd7 15. a3 O-O-O 16. Qf2 $1 $36 {
Nikolenko,O-Vorobiov,E Moscow-ch op(07) 1995 1-0 28}) 9... gxf5 10. exf5 (10.
gxf6 $6 f4 11. Bc4 Be6 12. Bxe6 fxe6 13. Qh5+ Kd7 14. Qf7+ Kc6 15. Bd2 Qd7 16.
Qh5 b5 17. a4 b4 18. Ne2 a5 $15 {
Ljubojevic,L-Polugaevsky,L Roquebrune 30 ' (20) 1992 1/2 54}) 10... d5 11. gxf6
(11. Qf3 d4 (11... Bb4 12. gxf6 d4 13. O-O-O Qa5 14. Bxd4 Nc6 15. Qe3 Nxd4 16.
Rxd4 Bxc3 17. bxc3 Bxf5 18. Bc4 Be6 19. Rd5 (19. Re4 $16) 19... Qa3+ 20. Kb1
Bxd5 21. Qxe5+ Be6 22. Bxe6 fxe6 23. Rg1 $4 (23. Qxe6+ Kf8 24. Rg1 Re8 25. Qd7
$18) 23... O-O-O {0-1 Anka,E-Vrenegoor,T Harkany op (03) 1994 - EXP 45}) (11...
Bd7 12. O-O-O Bc6 13. Qe2 Bb4 14. Bd4 Ne4 15. Bxe5 Bxc3 16. Bxc3 Qxg5+ 17. Kb1
Rg8 $2 (17... O-O $3 $19) 18. f3 Nd7 19. fxe4 dxe4 20. h4 $14 {
Timman,J-Portisch,L Reykjavik 1987 1-0 39}) 12. O-O-O Nbd7 13. Bd2 (13. gxf6
dxc3 14. Bc4 Qxf6 $17) 13... Qc7 14. Bd3 Nc5 15. Bc4 dxc3 16. Bxc3 Nfe4 17.
Rhe1 Nxc3 18. Qxc3 Bg7 19. f6 O-O 20. Rxe5 Be6 $17 {
WEdberg,T-Novikov,I Copenhagen op (07) 1991 0-1 34}) 11... d4 12. Bc4 Qxf6 (
12... Qc7 13. Qe2 (13. Qd3 dxc3 (13... Bb4 14. O-O-O Bxc3 $5 $13 (14... Bxc3
15. Bh6 Bb4 16. f4 Nc6 17. fxe5 Qxe5 18. Bxf7+ Kxf7 19. Qb3+ $13 {
1-0 Tseitlin,MD-Bosboom,M/Groningen op ;EXP 50 1995 (46)})) (13... dxe3 14.
O-O-O Nc6 (14... exf2 $146 15. Bxf7+ $5 Kxf7 16. Qd5+ $13 {
1/2-1/2 Shirov,A-Polgar,J/Dortmund (03) ;CBM 54 1996 (56)}) 15. Nd5 Qa5 16. f4
Bh6 17. Kb1 b5 18. fxe5 e2 19. Qxe2 Bb7 20. Bb3 O-O-O 21. e6 Rhe8 22. Qh5 Nb4
23. Ne7+ Kb8 24. Qxh6 Bxh1 25. Rxh1 fxe6 26. a3 {
1-0 Gallagher,J-Shneider,A/Bern op (09)/1995/}) 14. O-O-O Nc6 15. Rhe1 cxb2+ $2
(15... Bb4 $13) 16. Kb1 Bb4 17. Rg1 $1 (17. c3 Ba3 18. Bf4 Qd7 19. Bd5 Qxd5 20.
Qxd5 Bxf5+ 21. Rd3 O-O 22. Bh6 Rfd8 23. Rg1+ Kh8 24. Bg7+ Kg8 25. Bh6+ Kh8 26.
Bg7+ Kg8 27. Bh6+ {1/2-1/2 Sigurjonsson,G-Olafsson,H/Neskaupsstadur/1984/})
17... Rf8 18. f4 $1 exf4 $8 (18... Bd7 19. Bb6 $18) 19. Bxf4 $2 (19. Bb6 $1
Qxb6 20. Qe4+ Ne7 21. fxe7 Bxe7 22. Rge1 Qf6 23. Rd5 $1 {/\ Re5+-}) 19... Qxf4
20. Rge1+ Bxe1 21. Rxe1+ Be6 $1 (21... Ne5 $2 22. Qd6 Qc1+ 23. Rxc1 bxc1=Q+ 24.
Kxc1 Nc6 25. Bd5 $18) 22. fxe6 Qd4 $1 $10 {
1/2-1/2 Kotronias,V-Arnason,J/Reykjavik/1992/ (38)}) 13... dxe3 14. O-O-O Bxf5
15. Nd5 Qc6 16. Qh5 e2 17. Qxf5 exd1=Q+ 18. Rxd1 Bd6 19. f4 Nd7 20. fxe5 Nxe5
21. Re1 Qd7 22. Rxe5+ Kd8 23. Nb6 Qxf5 24. Rxf5 $44 {
1-0 Joecks,C-Belaska,P/Prague Viktoria (07)/1991/ (44)}) 13. Nd5 (13. Ne4 Qxf5
14. Bd3 Qe6 15. Bg5 Nd7 16. Qh5 b6 17. f4 Bb7 18. f5 Qd5 19. Kf2 Rc8 20. Rhg1
h6 21. Rae1 Rg8 22. Bh4 Rxg1 23. Kxg1 Rc6 {
1-0 Kotronias,V-Thorhallsson,T/Gausdal Int (06)/1994/ (32)}) 13... Qc6 14. Bxd4
Bb4+ 15. c3 Qxc4 16. Be3 (16. Nb6 Qxd4 17. Qxd4 exd4 18. cxb4 Bxf5 $1 19. Nxa8
Nd7 $16) 16... Bxf5 $146 (16... Be7 17. Nb6 Qc6 18. Rg1 Nd7 $2 (18... Bd8 $13)
19. Nxa8 b5 20. Qd5 $1 $16 {
Thorhallsson,T-Arnason,J/Reykjavik (03) 1992/1/2-1/2 (64)}) (16... Ba5 $1 17.
Nf6+ Ke7 18. Nd5+ Ke8 19. Nf6+ Ke7 $10 {
1-0 Shirov,A-Gelfand,B/Wijk (09) ;CBM 51 1996 (42)}) 17. cxb4 Be4 (17... Nd7
18. Rc1 Qh4 (18... Qe4 19. f3 Qh4+ 20. Bf2 $16) 19. Nc7+ Ke7 20. Nxa8 Qxb4+ 21.
Qd2 $16) 18. Nf6+ Ke7 19. Qg4 $1 Kxf6 $4 (19... Qxb4+ $2 20. Bd2 Qxb2 21. Rd1
$1 (21. Nxe4 $1 {Petursson} Qxa1+ 22. Ke2 Qxh1 23. Bg5+ {Mate in six!}) 21...
Bxh1 (21... h5 22. Qh4 Kf8 23. Bh6+ Rxh6 24. Rd8+ Ke7 25. Nd5+ Ke6 26. Qe7+ Kf5
27. Ne3+ Kf4 (27... Kg6 28. Rg8+ Kh7 29. Qxf7#) 28. Qh4+ Kf3 29. Qg3#) 22. Bb4+
Qxb4+ (22... Kxf6 23. Rd6+ Ke7 24. Qg5+ f6 25. Qxf6+ Ke8 26. Rd8#) 23. Qxb4+
Kxf6 24. Rd6+ Kf5 25. Qh4 $18) (19... Bd3 $1 {
Nur so kann die schwarze Stellung noch verteidigt werden.}) (19... Bd3 $1 $8 {
Petursson} 20. Qg5 Ke6 $1 {is the most stubborn defence.}) 20. Bg5+ Kg7 21.
Be7+ (21. Be7+ Bg6 (21... Kh6 22. Qg5#) 22. Qxc4 $18) 1-0

[Event "Rubinstein Memorial 33rd"]
[Site "Polanica Zdroj"]
[Date "1996.??.??"]
[Round "10"]
[White "Oll, Lembit"]
[Black "Kempinski, Robert"]
[Result "0-1"]
[WhiteElo "2620"]
[BlackElo "2510"]
[PlyCount "150"]
[EventDate "1996.08.15"]
[EventType "tourn"]
[EventRounds "11"]
[EventCountry "POL"]
[EventCategory "15"]
[Source "ChessBase"]
[SourceDate "1996.12.01"]
[WhiteTeamCountry "EST"]
[BlackTeamCountry "RUS"]

1. e4 c5 2. Nf3 d6 3. d4 cxd4 4. Nxd4 Nf6 5. Nc3 a6 6. Be2 e6 7. a4 Be7 8. O-O
O-O 9. Be3 Qc7 10. a5 Nbd7 11. Nb3 Nc5 12. Nxc5 dxc5 13. f4 Rd8 14. Qe1 Bd7 15.
e5 Nd5 16. Nxd5 exd5 17. c4 Be6 18. cxd5 Bxd5 19. Qc3 Qc6 20. Rf2 f6 21. Rc1
fxe5 22. Qxe5 Bf6 23. Qf5 c4 24. Qc2 Rac8 25. Bb6 Re8 26. Bg4 Be6 27. Bf3 Bd5
28. Bg4 Rb8 29. Rd2 Bd8 30. Bxd8 Qc5+ 31. Kh1 Rbxd8 32. Qc3 Re3 33. Qc2 Qxa5
34. h3 Rde8 35. Kh2 Qc7 36. Qf5 Be6 37. Qg5 h6 38. Bxe6+ R3xe6 39. Qg4 b5 40.
Rcd1 Rf6 41. g3 Rfe6 42. h4 Qc6 43. Kh3 Rg6 44. Qf5 Qe6 45. Qxe6+ Rgxe6 46. Rd7
R8e7 47. Rd8+ Re8 48. R8d7 Re1 49. R1d6 R8e6 50. Rd8+ Kh7 51. h5 Rxd6 52. Rxd6
Re2 53. Rxa6 Rxb2 54. Rc6 Rb3 55. Rc8 c3 56. g4 b4 57. g5 hxg5 58. fxg5 g6 59.
Rc7+ Kg8 60. Rc8+ Kf7 61. Rc7+ Ke6 62. hxg6 Ra3 63. g7 Ra8 64. Kg4 Kd6 65. Rc4
Kd5 66. Rxb4 c2 67. Rb5+ Kd4 68. Ra5 Rxa5 69. g8=Q c1=Q 70. Qd8+ Rd5 71. Qh8+
Re5 72. Qd8+ Ke3 73. Qb6+ Ke2 74. Qa6+ Ke1 75. Qf6 Qd1+ 0-1

[Event "Rubinstein Memorial 33rd"]
[Site "Polanica Zdroj"]
[Date "1996.??.??"]
[Round "11"]
[White "Nikolic, Predrag"]
[Black "Oll, Lembit"]
[Result "1/2-1/2"]
[WhiteElo "2670"]
[BlackElo "2620"]
[PlyCount "41"]
[EventDate "1996.08.15"]
[EventType "tourn"]
[EventRounds "11"]
[EventCountry "POL"]
[EventCategory "15"]
[Source "ChessBase"]
[SourceDate "1996.12.01"]
[WhiteTeamCountry "EST"]
[BlackTeamCountry "RUS"]

1. d4 d5 2. c4 c6 3. Nc3 e6 4. cxd5 exd5 5. Bf4 Bd6 6. Bg3 Ne7 7. e3 Nf5 8. Bd3
Nxg3 9. hxg3 Nd7 10. Qc2 Nf6 11. O-O-O g6 12. Nf3 Kf8 13. Ng5 Ng4 14. Nh3 f5
15. Nf4 Kg7 16. Kb1 Bd7 17. Qd2 Qe7 18. Rde1 Nf6 19. f3 Rae8 20. Bc2 Bc8 21.
Qf2 1/2-1/2